| 000 | 01321cam a22002055a 4500 | ||
|---|---|---|---|
| 001 | L139367 | ||
| 008 | 070726e20070717xxkbdo f s 000 0 eng d | ||
| 035 | _a(Sirsi) u139367 | ||
| 041 | 0 | _aeng | |
| 050 | 0 | 4 | _a333.76 $2 18 |
| 110 | 2 |
_aCommission for Rural Communities _94993 |
|
| 245 | 0 | 4 |
_aThe state of the countryside 2007 _h[electronic resource] |
| 260 |
_aLondon _bCommission for Rural Communities _c2007 |
||
| 520 | _aReports on demographic and migratory trends, housing and homelessness, and access to education and healthcare, the rural economy and issues relating to land and the climate. Nearly 400 000 fewer people aged 15-29 live in rural areas than did so 20 years ago. Rural areas experienced over 200% growth in migrant workers over the last two years. Rural households' weekly spend is on average £60 higher than in urban areas. Only 44% are within easy reach of a GP. Energy crops have almost doubled within the last year. The are now nearly 400 vineyards within England and Wales. | ||
| 590 | _aKA | ||
| 651 | 4 |
_aEngland and Wales _y1543- |
|
| 690 | _aPROPERTY-RURAL AND NATURAL ASSETS-RURAL AND NATURAL ASSET DEVELOPMENT | ||
| 856 | 4 | 0 |
_uhttps://www.ruralcommunities.gov.uk/publications/crc47stateofthecountryside2007 _zView the article free of charge at www.ruralcommunities.gov.uk... |
| 942 | _n0 | ||
| 999 |
_c107293 _d107293 |
||